Pop Culture Maths - Statistics

General Stats
  • This quiz has been taken 26 times
  • The average score is 5 of 15
Answer Stats
Function 'Sum' Answer % Correct
MULTIPLICATION ___ Jump Street (2012) x ___ Jump Street (2014) 462
74%
ADDITION Bob Marley's little birds + Bryan Adams's Summer of '__ 72
65%
ADDITION Green Day's guns + Ariana Grande's rings + Jay-Z's problems 127
61%
SUBTRACTION George Orwell's dystopian year - Joseph Heller's 'Catch' 1962
61%
MULTIPLICATION According to the Beatles, the number of days in a week x the number of Dalmatians in Dodie Smith's 1956 novel 808
35%
DIVISION According to Paul Simon, the number of ways to leave your lover ÷ Kurt Vonnegut's 'Slaughterhouse __' 10
26%
DIVISION Number of seconds in which Nicholas Cage was gone ÷ the number of billboards outside Ebbing, Missouri 20
26%
DIVISION '____: A Space Odyssey' ÷ the number of French hens in 'The 12 Days of Christmas' 667
26%
ADDITION Number of years in which Solomon Northup was a slave + Number of hours in which climber Aron Ralston was trapped 139
22%
MULTIPLICATION Gabriel García Márquez's years of solitude x William Shakespeare's Gentlemen of Verona 200
22%
ADDITION The Taking of Pelham _____ + Lock, Stock and ___ Smoking Barrels 125
17%
SUBTRACTION Danny Boyle film '__ Days Later' - John Ritter sitcom '__ Simple Rules' 20
17%
ADDITION Number of Sidney Lumet's 'Angry Men' (1957) + number of Terry Gilliam's 'Monkeys' (1995) + the amount that Steve Martin's family was 'Cheaper By' 36
17%
SUBTRACTION Ray Bradbury's 'Farenheit ___' - John Buchan's 'The ___ Steps' 412
13%
MULTIPLICATION Number of Arabian nights x number of men in Jerome K. Jerome's boat 3003
9%
No matching quizzes found
Score Distribution
Percent of People with Each Score
Percentile by Number Answered
Your Score History
You have not taken this quiz